| 000 | 00718nam a2200241 4500 | ||
|---|---|---|---|
| 003 | OSt | ||
| 005 | 20260601193844.0 | ||
| 008 | 260513b2011 |||ao||| |||| 00| 0 spa d | ||
| 040 |
_aICI _bspa _cICI |
||
| 050 |
_aNK1390 _bL37 2011 |
||
| 245 | 1 |
_aEOS México: _bEl diseño de Mauricio y Sebastían Lara |
|
| 264 |
_bArquine _c2011 _aMéxico |
||
| 300 | _a160 páginas | ||
| 336 |
_atexto _2rdacontent |
||
| 337 |
_asin medio _2rdamedia |
||
| 338 |
_avolumen _2rdacarrier |
||
| 650 |
_aDiseño industrial _zMéxico |
||
| 650 |
_aDiseñadores mexicanos _919511 |
||
| 650 |
_aMobiliario contemporáneo _931188 |
||
| 650 | _aDiseño de productos | ||
| 650 |
_aDiseño mexicano contemporáneo _931190 |
||
| 942 |
_2lcc _cB _n1 |
||
| 999 |
_c21570 _d21570 |
||